000 00329nam a2200133Ia 4500
005 20251222155057.0
008 251222s9999||||xx |||||||||||||| ||spa||
082 _aCIE. 16
100 _aSEBASTIANI CARRANZA. Felipe
245 0 _aDiccionario de Matemáticas
250 _a1ra. ed.
264 _bCiencia y técnica
942 _cLIB
999 _c37496
_d37496